English to French - Bedroom vocabulary - Statistics

General Stats
  • This quiz has been taken 112 times
  • The average score is 7 of 25
Answer Stats
Hint Answer % Correct
Bedroom Chambre
91%
Bed Lit
90%
Wardrobe Armoire
63%
Mirror Miroir
63%
Pillow Oreiller
53%
Sheet Drap
47%
Alarm Réveil
46%
Blanket Couverture
41%
Bedside lamp Lampe de chevet
39%
Mattress Matelas
37%
Cushion Coussin
32%
Pillowcase Taie
30%
Hanger Cintre
14%
Chest of drawers Commode
10%
Duvet Édredon
8%
Wardrobe Penderie
7%
Mattress topper Surmatelas
7%
Undersheet Alèse
6%
End of bed Bout de lit
4%
Quilt Couette
4%
Headboard Chevet
3%
Canopy Baldaquin
1%
Bedspread Couvre-lit
1%
Bedside rug Descente de lit
1%
Bolster Traversin
0%
No matching quizzes found
Score Distribution
Percent of People with Each Score
Percentile by Number Answered
Your Score History
You have not taken this quiz